[Event "Kaluga Tsiolkovsky Memorial op"]
[Site "Kaluga"]
[Date "2013.08.05"]
[Round "3"]
[White "Semenov, Sergey Aleksandrovi"]
[Black "Latkin, Mikhail"]
[Result "1/2-1/2"]
[WhiteElo "1969"]
[BlackElo "1797"]
[PlyCount "70"]
[EventDate "2013.08.03"]
[EventType "swiss"]
[EventRounds "9"]
[EventCountry "RUS"]
[SourceTitle "CBM 156 Extra"]
[Source "ChessBase"]
[SourceDate "2013.10.22"]
[SourceVersion "1"]
[SourceVersionDate "2013.10.22"]
[SourceQuality "1"]

1. Nf3 Nf6 2. g3 c6 3. Bg2 d5 4. d4 Nbd7 5. c3 e6 6. 0-0 Bd6 7. Nbd2 0-0 8. Re1 Rb8 9. a4 a5 10. Qc2 h6 11. e4 dxe4 12. Nxe4 Nxe4 13. Qxe4 Nf6 14. Qc2 b5 15. b3 Nd5 16. Bd2 Bd7 17. Ne5 Be8 18. c4 bxc4 19. bxc4 Nb4 20. Bxb4 Bxb4 21. Red1 Qc7 22. c5 Bd7 23. Qe4 Rfc8 24. Nxd7 Qxd7 25. Qc2 Qc7 26. Rab1 Qe7 27. Qc4 Qa7 28. Rd3 Rb7 29. Rdb3 Rd7 30. Re3 Qa8 31. Re5 Rcd8 32. Rd1 Kh8 33. Re3 Rc7 34. Re5 Rcd7 35. Re3 Ra7 1/2-1/2

[Event "Kaluga Tsiolkovsky Memorial op"]
[Site "Kaluga"]
[Date "2013.08.04"]
[Round "2"]
[White "Latkin, Mikhail"]
[Black "Sokolov, Ewgeni"]
[Result "0-1"]
[WhiteElo "1797"]
[BlackElo "2376"]
[PlyCount "86"]
[EventDate "2013.08.03"]
[EventType "swiss"]
[EventRounds "9"]
[EventCountry "RUS"]
[SourceTitle "CBM 156 Extra"]
[Source "ChessBase"]
[SourceDate "2013.10.22"]
[SourceVersion "1"]
[SourceVersionDate "2013.10.22"]
[SourceQuality "1"]

1. e4 c5 2. Nf3 d6 3. d4 cxd4 4. Nxd4 Nf6 5. Nc3 a6 6. Be2 e5 7. Nb3 Be7 8. a4 0-0 9. 0-0 Be6 10. a5 d5 11. exd5 Nxd5 12. Nxd5 Bxd5 13. c4 Be6 14. Be3 Nd7 15. Qc2 Qc7 16. Rfd1 Rac8 17. Rdc1 f5 18. f3 g6 19. Qc3 Bf6 20. Nd2 Nb8 21. Qc2 Nc6 22. Bb6 Qg7 23. Rab1 Nb4 24. Qa4 Qe7 25. c5 Nc6 26. Nc4 Nd4 27. Bf1 Bxc4 28. Bxc4+ Kg7 29. Re1 e4 30. fxe4 fxe4 31. Bd5 e3 32. Rbd1 e2 33. Rd3 Qe5 34. Bxb7 Bh4 35. g3 Rf1+ 36. Rxf1 exf1Q+ 37. Kxf1 Rf8+ 38. Kg2 Qe2+ 39. Kh3 Qxd3 40. c6 Qf5+ 41. g4 Qf3+ 42. Kxh4 g5+ 43. Kh5 Qh3+ 0-1

[Event "Kaluga Tsiolkovsky Memorial op"]
[Site "Kaluga"]
[Date "2012.08.02"]
[Round "4"]
[White "Mytarev, Oleg V"]
[Black "Latkin, Mikhail"]
[Result "1-0"]
[WhiteElo "1954"]
[BlackElo "1793"]
[PlyCount "47"]
[EventDate "2012.07.30"]
[EventType "swiss"]
[EventRounds "9"]
[EventCountry "RUS"]
[SourceTitle "EXT 2014"]
[Source "ChessBase"]
[SourceDate "2013.11.20"]
[SourceVersion "1"]
[SourceVersionDate "2013.11.20"]
[SourceQuality "1"]

1. d4 Nf6 2. Nf3 e6 3. e3 b6 4. Bd3 Bb7 5. Nbd2 Be7 6. 0-0 0-0 7. b3 Ba6 8. c4 d5 9. Bb2 h6 10. Qe2 Nbd7 11. Rad1 Re8 12. Ne5 Nxe5 13. dxe5 Nd7 14. f4 c6 15. Qh5 f5 16. exf6 Bxf6 17. Be5 Nf8 18. Nf3 Qe7 19. Bxf6 Qxf6 20. Ne5 Bb7 21. Rf3 Red8 22. Ng4 Qf7 23. Nxh6+ gxh6 24. Rg3+ 1-0